The Only Letter ll - Statistics

General Stats
  • This quiz has been taken 46 times
  • The average score is 18 of 26
Answer Stats
Hint Answer % Correct
AL_RM A
100%
AVO_D I
100%
RE_IC L
100%
HAVO_ C
91%
EM_TY P
91%
_IRST F
89%
PI_ZA Z
89%
JU_PY M
86%
ABI_E D
83%
_CENT S
83%
_UARK Q
80%
BROT_ H
74%
A_HOR B
69%
_UARD G
69%
B_WAY Y
69%
_NAVE K
66%
S_ISH W
66%
TO_IN X
66%
BU_NT R
63%
B_AUT E
57%
TE_ET N
54%
DEB_S T
51%
BAYO_ U
51%
_OMPH O
37%
UN_AM J
31%
_ELDT V
29%
No matching quizzes found
Score Distribution
Percent of People with Each Score
Percentile by Number Answered
Your Score History
You have not taken this quiz